000 00842nam a2200241 4500
999 _c13177
_d13177
003 MIRAKIL
005 20190418143258.0
008 190418b tu ||||| |||| 00| 0 tur d
020 _a9786053327196
040 _aTR-AnCHP
_cTR-AnCHP
041 _atur
082 _a877.3
_bE62d 2016
100 _aErasmus, Desiderius
_d1466-1536
245 1 0 _aDeliliğe övgü /
_cErasmus ; Latince aslından çeviren: Yücel Sivri
260 _aİstanbul :
_bTürkiye İş Bankaları Kültür Yayınları,
_c2016.
300 _a137 s.:
_c22 sm.
490 0 _aTürkiye İş Bankaları Kültür Yayınları;
_aHasan Ali Yücel klasikler dizisi;
_vGenel yayın : 3521.
_v278.
500 _aÖzgün yapıt adı : Econıum morıae.
650 0 _95643
_aLatin edebiyatı
650 0 _934
_aFelsefe
700 _95644
_aSivri, Yücel
_eçev.
942 _2ddc
_cBKS